[Svetozár Hurban Vajanský s manželkou]

Zobrazenie: Svetozár Hurban Vajanský s manželkou Idou v okne svojho domu v Martine.

Bibliographic Details
Format: Photo
Language:Slovak
PhysicalDescription:1 fotografia v hnedom tóne 7 x 9 cm
Published: [S.l. s.n. s.a.]
Subjects:

MARC

LEADER 00000nkmaa2200000 a 4500
001 vtls011596333
003 SK-MaSNL
005 20260426003131.0
007 kh ao
008 230802n xo | |||0 k|slo
035 |a 8E900BAC-DB90-47AB-B1D9-9EDF7D1C9121 
035 |a urn:nbn:sk:snk-km3m1ow 
035 |a urn:nbn:sk:snk-km00e4kg 
040 |a SNKLA  |b slo  |c SNKLA  |e AACR2 
041 0 |a slo 
044 |a xo  |c SK 
245 0 0 |a [Svetozár Hurban Vajanský s manželkou]  |h grafika 
260 |a [S.l.  |b s.n.  |c s.a.] 
300 |a 1 fotografia  |b v hnedom tóne  |c 7 x 9 cm 
520 2 |a Zobrazenie: Svetozár Hurban Vajanský s manželkou Idou v okne svojho domu v Martine. 
600 1 7 |a Vajanský, Svetozár Hurban,  |d 1847-1916  |2 SNKMA  |9 110614 
600 1 7 |a Hurbanová, Ida,  |d 1851-1920  |2 SNKLA  |9 209554 
650 0 7 |a domy bývania  |2 SNKLA  |9 341137 
651 7 |a Martin (Slovensko)  |2 SNKPH  |9 16875 
655 7 |a fotografie  |2 SNKPH  |9 70713 
852 7 |a Slovenská národná knižnica  |b Literárny archív 
958 |a ZO 
958 |a BLA 
999 |c 936588  |d 938518 
952 |a SNKLA  |b SNKLA  |c SNKLA_DEP  |y NEVYP  |7 0  |p 17A1008479  |o snkK 23/188  |i snkLA 6679/1983  |0 0  |1 0  |4 0  |d 2016-11-30  |f 1  |l 0  |r 2026-02-24 09:06:01  |w 2026-02-24